000 01229naa a22003377a 4500
001 BR7602360
003 BR-BrBNA
005 20240918173817.0
007 ta
008 230509b bl.||||| |||| 00| 0 por d
040 _aBR-BrBNA
_bpor
_cBiblioteca Nacional de Agricultura
041 _a(Pt)
072 _aE15; P12
_b/G514
090 _aE15 BR7602360
100 1 _aPessoa, E.J.A.
100 1 _aMendes, V.M.R.
111 1 _a3. Seminario Nacional de Irrigacao e Drenagem
_cFortaleza, CE (Brazil)
_d16 Nov 1975
245 1 _aPlanificacao da producao agricola em um projeto de irrigacao para o estado de Sao Paulo [Microeconomia; Brasil]
260 3 _aFortaleza, CE (Brasil):
_c1976.
500 _aAnais do 3. Seminario Nacional de Irrigacao e Drenagem Fortaleza, CE (Brasil): 1976. p. 195-204 (BR7602360-AM)E15
650 _aMicroeconomia
650 _aIrrigacao
650 _aAnalise economica
650 _aeconomia agricola
650 _aEconomia da producao
650 _aProdutividade
650 _aSao Paulo
773 0 _tAnais do 3. Seminario Nacional de Irrigacao e Drenagem
_b
_wE15 BR7602360
_gFortaleza, CE (Brasil), 1976. p. 195-204
909 _a202404
_bLucia
_c55
_dLucia Elande
942 _cAM
_2AGRIS
999 _c307064
_d307064